000 01256cam a22003615i 4500
999 _c2291
_d2291
003 EG-ScBUE
005 20200106155124.0
008 190724t20072007nyua f b 001 0 eng d
020 _a9780321364661
020 _a032136466X
035 _a(OCoLC)ocm62593684
040 _aEG-ScBUE
_beng
_erda
_cEG-ScBUE
_dEG-ScBUE
082 0 4 _a808.0427
_bRAM
_222
100 1 _aRamage, John D.,
_eauthor.
245 1 0 _aWriting arguments :
_ba rhetoric with readings /
_cJohn D. Ramage, Arizona State University, John C. Bean, Seattle University, June Johnson, Seattle University.
250 _aSeventh edition.
264 1 _aNew York :
_bLongman / Pearson Education,
_c[2007]
264 4 _cc2007
300 _axlvii, 758 pages :
_billustrations ;
_c24 cm
336 _atext
_btxt
_2rdacontent
337 _aunmediated
_bn
_2rdamedia
338 _avolume
_bnc
_2rdacarrier
504 _aIncludes bibliographical references and index.
650 7 _aEnglish language
_xRhetoric.
_2BUEsh
650 7 _aPersuasion (Rhetoric)
_2BUEsh
_924405
650 7 _aCollege readers.
_2BUEsh
650 7 _aReport writing.
_2BUEsh
651 _2BUEsh
653 _bHHUUEENN
_cJuly2019
700 1 _aBean, John C.,
_eauthor.
700 1 _aJohnson, June,
_eauthor.
942 _cBB
_2ddc